Normal view
MARC view
Entry Meeting Name
001 - CONTROL NUMBER
- control field: 16588
003 - CONTROL NUMBER IDENTIFIER
- control field: OSt
005 - DATE AND TIME OF LATEST TRANSACTION
- control field: 20211105134046.0
008 - FIXED-LENGTH DATA ELEMENTS
- fixed length control field: 211105|| aca||aabn | a|a d
040 ## - CATALOGING SOURCE
- Original cataloging agency: OSt
- Transcribing agency: OSt
111 ## - HEADING--MEETING NAME
- Meeting name or jurisdiction name as entry element: Conference on Dynamics of Astrophysical Discs
- Location of meeting: department of astronomy, University of Manchester
- Date of meeting or treaty signing: 1988 Dec. 13-16
670 ## - SOURCE DATA FOUND
- Source citation: Work cat.: (OSt): Conference on Dynamics of Astrophysical Discs department of astronomy, University of Manchester 1988 Dec. 13-16, Dynamics of astrophysical discs, 1989